000 00674nam a2200181 a 4500
001 000025830
005 20200930024101.0
008 110223s1994 dr a 000 0 spa d
040 _aDO-SdBNP
_bspa
_cBNPHU
082 _axxx
_bG216s
100 1 _aGarcía Michel, Eduardo
_99281
245 1 3 _aLa sociedad dominicana :
_bdonde estamos y hacia donde vamos /
_cEduardo García Michel.
260 _aSanto Domingo :
_bTaller,
_c1994.
300 _a17 p. :
_bgraf. ;
_c22 cm.
500 _aIncluye notas al pie de las páginas
500 _aConferencia pronunciada en la reunión de la Asociación de Mocanos Residentes en Santo Domingo el 26 de noviembre de 1993
049 _aBNPD
999 _c25322
_d25322